Las nobles brutas / (Registro nro. 12979)

Detalles MARC
000 -LIDER
fixed length control field 00651nam a22002177a 4500
003 - IDENTIFICACDOR DE NÚMERO DE CONTROL
control field DO-SdBPM
005 - DATE AND TIME OF LATEST TRANSACTION
control field 20250530091019.0
008 - ELEMENTOS DE LONGITUD FIJA
fixed length control field 171121b1972 sp 00| 0 spa d
040 ## - FUENTE DE CATALOGACIÓN
Agencia que crea de manera original el registro DO-SdBPM
Idioma de catalogación spa
Agencia que realiza la transcripción BPMSU
082 #4 - NÚMERO DE CLASIFICACIÓN DECIMAL DE DEWEY
Classification number 741.5
Item number S481n 1972
Edition number 22
100 1# - ASIENTO PRINCIPAL -- NOMBRE PERSONAL
Nombre personal Serafín
Fechas asociadas con el nombre 1926-2003
245 14 - MENCIÓN DE TITULO
Título Las nobles brutas /
Mención de responsabilidad Serafín
260 ## - PUBLICACIÓN, DISTRIBUCIÓN, ETC. (PIE DE IMPRENTA)
Lugar de publicación, distribución, etc Barcelona :
Nombre del editor, distribuidor, etc. Biblioteca Universal Planeta,
Fecha de publicación, distribución, etc 1972
300 ## - DESCRIPCIÓN FÍSICA
Extensión 206 p. :
Otros detalles físicos il., ;
Dimensiones 20 cm.
490 0# - MENCIÓN DE SERIES
Mención de serie Biblioteca universal planeta,
-- la nariz
590 ## - NOTA LOCAL
Texto de la nota local Inventariado, 2025/VM
650 #4 - ENCABEZAMIENTO DE MATERIA--TEMÁTICO
Término temático o nombre geográfico como elemento de entrada Humorismo gráfico español
650 #4 - ENCABEZAMIENTO DE MATERIA--TEMÁTICO
Término temático o nombre geográfico como elemento de entrada Caricatura
910 ## - VALIDACIÓN
Validación VMateo V. Control de calidad. BPMSU
942 ## - ADDED ENTRY ELEMENTS (KOHA)
Source of classification or shelving scheme Dewey Decimal Classification
Koha item type Libros
Existencias
Withdrawn status Lost status Source of classification or shelving scheme Damaged status Not for loan Collection code Home library Current library Date acquired Total Checkouts Full call number Barcode Date last seen Price effective from Koha item type
    Dewey Decimal Classification     Colección General Biblioteca Pública Metropolitana Salomé Ureña Biblioteca Pública Metropolitana Salomé Ureña 11/21/2017   BPMSU CG 741.5 S481n 1972 BPMSU17110292 11/21/2017 11/21/2017 Libros